000 00967cad a22001935a 4500
001 L152901
008 110512e2011 xxk 000 0 eng d
035 _a(Sirsi) u152901
041 0 _aeng
110 2 _aUnited Kingdom
_bDepartment for Environment, Food and Rural Affairs
245 0 0 _aClimate resilient infrastructure
_bpreparing for a changing climate
_h[electronic resource]
260 _aLondon
_bDEFRA
_c2011
520 _aCross government report outlines the climate change challenges to the transport, energy, water and ICT infrastructure sectors. Details actions that need to be taken by infrastructure owners and operators, regulators, insurers and Government.
590 _aKA NTK
651 4 _aUnited Kingdom
_y
690 _aENVIRONMENT AND LAND CONSULTANCY-PLANNING AND DEVELOPMENT
856 4 0 _uhttps://www.defra.gov.uk/publications/files/climate-resilient-infrastructure-full.pdf
_zView the report free of charge at www.defra.gov.uk
942 _n0
999 _c112252
_d112252